| 000 | 00406nam a2200157Ia 4500 | ||
|---|---|---|---|
| 005 | 20250519023918.0 | ||
| 008 | 240331s9999 xx 000 0 und d | ||
| 020 | _a9552047609 | ||
| 082 |
_a301 _bSAM |
||
| 100 | _aSamarasekare , S | ||
| 245 | 0 | _aSrilankawe prathamika janathawa | |
| 260 |
_aColombo _bS. Godage & Brothers _c2001 |
||
| 300 | _a238 p ., | ||
| 500 | _aSri Lanka's Ancient Pupils | ||
| 942 | _cL | ||
| 999 |
_c1031 _d1031 |
||